| 000 -LEADER |
| fixed length control field |
aam a22 a 4500 |
| 003 - CONTROL NUMBER IDENTIFIER |
| control field |
AKMAL |
| 005 - DATE AND TIME OF LATEST TRANSACTION |
| control field |
20170515160727.0 |
| 008 - FIXED-LENGTH DATA ELEMENTS--GENERAL INFORMATION |
| fixed length control field |
170515s1982 my a 00 may d |
| 020 ## - INTERNATIONAL STANDARD BOOK NUMBER |
| International Standard Book Number |
9676100072 (kkt.) |
| 039 #9 - LEVEL OF BIBLIOGRAPHIC CONTROL AND CODING DETAIL [OBSOLETE] |
| Level of rules in bibliographic description |
200711251151 |
| Level of effort used to assign nonsubject heading access points |
pmmalaysiana |
| Level of effort used to assign subject headings |
200604201654 |
| Level of effort used to assign classification |
fadilah |
| Level of effort used to assign subject headings |
200604101002 |
| Level of effort used to assign classification |
hidayah |
| Level of effort used to assign subject headings |
200604051615 |
| Level of effort used to assign classification |
hidayah |
| 040 ## - CATALOGING SOURCE |
| Original cataloging agency |
AKMAL |
| Transcribing agency |
AKMAL |
| 049 00 - LOCAL HOLDINGS (OCLC) |
| Holding library |
bgkklpmal |
| 050 00 - LIBRARY OF CONGRESS CALL NUMBER |
| Classification number |
LB1025 |
| 082 04 - DEWEY DECIMAL CLASSIFICATION NUMBER |
| Classification number |
378.125 ISA |
| 090 00 - LOCALLY ASSIGNED LC-TYPE CALL NUMBER (OCLC); LOCAL CALL NUMBER (RLIN) |
| Classification number (OCLC) (R) ; Classification number, CALL (RLIN) (NR) |
378.125 |
| Local cutter number (OCLC) ; Book number/undivided call number, CALL (RLIN) |
ISA |
| 090 20 - LOCALLY ASSIGNED LC-TYPE CALL NUMBER (OCLC); LOCAL CALL NUMBER (RLIN) |
| Classification number (OCLC) (R) ; Classification number, CALL (RLIN) (NR) |
378.125 |
| Local cutter number (OCLC) ; Book number/undivided call number, CALL (RLIN) |
ISA |
| 245 00 - TITLE STATEMENT |
| Title |
Asas-asas dalam amalan pedagogi / |
| Statement of responsibility, etc. |
disunting oleh Ishak Haron, Koh Boh Boon |
| 260 ## - PUBLICATION, DISTRIBUTION, ETC. |
| Place of publication, distribution, etc. |
Kuala Lumpur : |
| Name of publisher, distributor, etc. |
Utusan Publications & Distributiors, |
| Date of publication, distribution, etc. |
1982 |
| 300 00 - PHYSICAL DESCRIPTION |
| Extent |
212ms. ; |
| Dimensions |
21cm |
| 504 ## - BIBLIOGRAPHY, ETC. NOTE |
| Bibliography, etc. note |
Mengandungi rujukan bibliografi |
| 650 #0 - SUBJECT ADDED ENTRY--TOPICAL TERM |
| Topical term or geographic name entry element |
Education |
| General subdivision |
Study and teaching |
| 9 (RLIN) |
4697 |
| 650 #0 - SUBJECT ADDED ENTRY--TOPICAL TERM |
| Topical term or geographic name entry element |
Teaching |
| 9 (RLIN) |
4533 |
| 700 0# - ADDED ENTRY--PERSONAL NAME |
| Personal name |
Ishak Haron |
| 9 (RLIN) |
4698 |
| 700 1# - ADDED ENTRY--PERSONAL NAME |
| Personal name |
Koh, Boh Boon, |
| Dates associated with a name |
1940- |
| 9 (RLIN) |
4496 |
| 942 ## - ADDED ENTRY ELEMENTS (KOHA) |
| Source of classification or shelving scheme |
|
| Koha item type |
Book |